000 00352nam a2200133Ia 4500
008 220204s9999 xx 000 0 und d
082 _a34:336.271.1
_bJAI
100 _aJAIN, S K
245 0 _aCompendium of all India Sales Tax acts 1987
260 _aDelhi
_bFinance Budget
_c1987
650 _aSales tax act
700 _aRAJNEESH JAIN
942 _cBK
999 _c29220
_d29220